01305cam a2200289 a 45000010008000000030004000080050017000120080041000290100017000700200028000870400018001150430012001330500022001450820025001672450284001922600041004763000026005174400061005435040051006046500046006556500042007016500044007436510037007877000039008247000034008637100118008974415844OSt20151013114743.0931025s1994 azu b 001 0 eng  a 93031063  a0897748670 (alk. paper) aDLCcDLCdDLC an-us---00aLC3727b.D53 199400a378.1/9829/0097322100aDialogues for diversity :bcommunity and ethnicity on campus /cThe Project on Campus Community and Diversity of the Accrediting Commission for Senior Colleges and Universities of the Western Association of Schools and Colleges, Martin Kramer and Stephen S. Weiner, co-directors. aPhoenix, Ariz. :bOryx Press,c1994. axix, 161 p. ;c28 cm. 0aAmerican Council on Education series on higher education aIncludes bibliographical references and index. 0aMinority college studentszUnited States. 0aCommunity and collegezUnited States. 0aMulticultural educationzUnited States. 0aUnited StatesxEthnic relations.1 aKramer, Martin,d1932 December 11-1 aWeiner, Stephenq(Stephen S.)2 aWestern Association of Schools and Colleges (U.S.).bAccrediting Commission for Senior Colleges and Universities.